000 00457nam a2200169Ia 4500
008 240729s9999 xx 000 0 und d
022 _a2813-3749
245 0 _aFrontiers in Biomaterials Science
260 _aSwitzerland
260 _bFrontiers Media S.A.
650 _a Biotechnology
650 _a Chemical technology
650 _aTechnology
856 _uhttps://doaj.org/toc/d886e7759792456fad7c92e565a8d65f
942 _2ddc
942 _cDOAJEJ
999 _c72456
_d72456
945 _a1
_bMadushi Gamage
_c1
_dMadushi Gamage